Evolution of economic co-operation and integration in Western Asia
Na minha lista:
| Autor Corporativo: | |
|---|---|
| Formato: | Texto |
| Publicado em: |
s.l.:
United Nations. ECWA
|
| Tags: |
Adicionar Tag
Sem tags, seja o primeiro a adicionar uma tag!
|
MARC
| LEADER | 00000 a a2200000 04500 | ||
|---|---|---|---|
| 001 | 22280 | ||
| 003 | |||
| 040 | |a CRAI/IIS |c CRAI/IIS | ||
| 090 | |a 151400 | ||
| 110 | |a Economic Commission for Western Asia | ||
| 245 | |a Evolution of economic co-operation and integration in Western Asia | ||
| 260 | |a s.l.: |b United Nations. ECWA | ||
| 300 | |a 89 p | ||
| 999 | |c 11016 |d 11016 | ||
